[Event "IND-chT 31st"]
[Site "Cochin"]
[Date "2011.02.25"]
[Round "6"]
[White "Jagadeesh, AK."]
[Black "Navin, Kanna TU"]
[Result "0-1"]
[WhiteElo "2093"]
[BlackElo "2383"]
[PlyCount "78"]
[EventDate "2011.02.22"]
[EventType "team-swiss"]
[EventRounds "9"]
[EventCountry "IND"]
[SourceTitle "CBM 141 Extra"]
[Source "ChessBase"]
[SourceDate "2011.05.03"]
[SourceVersion "1"]
[SourceVersionDate "2011.05.03"]
[SourceQuality "1"]
[WhiteTeam "Calicut Chess"]
[BlackTeam "TN State"]
[WhiteTeamCountry "IND"]
[BlackTeamCountry "IND"]

1. d4 Nf6 2. c4 Nc6 3. Nf3 e6 4. Bg5 h6 5. Bf4 Bb4+ 6. Bd2 Qe7 7. a3 Bxd2+ 8. Nbxd2 d6 9. e3 e5 10. d5 Nd8 11. e4 c5 12. b4 b6 13. h3 cxb4 14. axb4 a5 15. Bd3 0-0 16. g4 Ne8 17. Nf1 Nc7 18. bxa5 bxa5 19. Qd2 Nb7 20. Ng3 Nc5 21. Bc2 a4 22. 0-0 Bd7 23. Rfb1 Rfb8 24. Kg2 N7a6 25. Qc3 Qd8 26. Nd2 Rxb1 27. Rxb1 Rb8 28. f4 Rxb1 29. Bxb1 f6 30. fxe5 fxe5 31. Ngf1 Qb8 32. g5 hxg5 33. Qg3 Nb3 34. Nxb3 Qxb3 35. Qxb3 axb3 36. Nd2 Nc5 37. Nf3 g4 38. hxg4 Bxg4 39. Ne1 Be2 0-1

[Event "IND-chT 31st"]
[Site "Cochin"]
[Date "2011.02.25"]
[Round "5"]
[White "Sagar, Shah"]
[Black "Jagadeesh, AK."]
[Result "0-1"]
[WhiteElo "2318"]
[BlackElo "2093"]
[PlyCount "54"]
[EventDate "2011.02.22"]
[EventType "team-swiss"]
[EventRounds "9"]
[EventCountry "IND"]
[SourceTitle "CBM 141 Extra"]
[Source "ChessBase"]
[SourceDate "2011.05.03"]
[SourceVersion "1"]
[SourceVersionDate "2011.05.03"]
[SourceQuality "1"]
[WhiteTeam "Chess is Life"]
[BlackTeam "Calicut Chess"]
[WhiteTeamCountry "IND"]
[BlackTeamCountry "IND"]

1. d4 d5 2. c4 e6 3. Nc3 Be7 4. cxd5 exd5 5. Bf4 Nf6 6. e3 c6 7. Bd3 0-0 8. Qc2 Nbd7 9. Nf3 h6 10. g4 Ne8 11. h4 Bd6 12. Bxd6 Nxd6 13. g5 h5 14. 0-0-0 a5 15. Ne5 Qe8 16. f4 a4 17. Ne2 c5 18. Kb1 c4 19. Bh7+ Kh8 20. Ng3 a3 21. Nxh5 axb2 22. Kxb2 Nb5 23. g6 Nxe5 24. fxe5 Bg4 25. Nf6 Bxd1 26. Qxd1 Qe7 27. Ka1 Rxa2+ 0-1

[Event "IND-chT 31st"]
[Site "Cochin"]
[Date "2011.02.23"]
[Round "2"]
[White "Jagadeesh, AK."]
[Black "Neelotpal, Das"]
[Result "0-1"]
[WhiteElo "2093"]
[BlackElo "2477"]
[PlyCount "77"]
[EventDate "2011.02.22"]
[EventType "team-swiss"]
[EventRounds "9"]
[EventCountry "IND"]
[SourceTitle "CBM 141 Extra"]
[Source "ChessBase"]
[SourceDate "2011.05.03"]
[SourceVersion "1"]
[SourceVersionDate "2011.05.03"]
[SourceQuality "1"]
[WhiteTeam "Calicut Chess"]
[BlackTeam "PSPB"]
[WhiteTeamCountry "IND"]
[BlackTeamCountry "IND"]

1. d4 Nf6 2. c4 e6 3. Nc3 Bb4 4. e3 0-0 5. Bd3 d5 6. Nf3 c5 7. 0-0 dxc4 8. Bxc4 Nbd7 9. Qe2 b6 10. Rd1 cxd4 11. exd4 Bb7 12. d5 e5 13. Bg5 Bxc3 14. bxc3 h6 15. Bh4 Qc7 16. Rac1 Rac8 17. Bb3 Qd6 18. Bg3 Rfe8 19. c4 Nh5 20. Nd2 Nxg3 21. hxg3 Nc5 22. Ne4 Nxe4 23. Qxe4 h5 24. g4 hxg4 25. Qxg4 g6 26. Rc3 Rcd8 27. Rg3 Kg7 28. Qg5 Bc8 29. Bc2 e4 30. Re1 Re5 31. Qf4 Rxd5 32. Qxe4 Rd2 33. Bb3 Bf5 34. Qb7 Rd7 35. Qa8 a5 36. Rge3 Qf4 37. Rf3 Qd4 38. Rfe3 Qh4 39. Qf3 0-1

[Event "Chennai op 3rd"]
[Site "Chennai"]
[Date "2011.01.21"]
[Round "6"]
[White "Shyam, Sundar M"]
[Black "Jagadeesh, AK."]
[Result "1-0"]
[WhiteElo "2443"]
[BlackElo "2093"]
[PlyCount "35"]
[EventDate "2011.01.18"]
[EventType "swiss"]
[EventRounds "11"]
[EventCountry "IND"]
[SourceTitle "CBM 140 Extra"]
[Source "ChessBase"]
[SourceDate "2011.03.01"]
[SourceVersion "1"]
[SourceVersionDate "2011.03.01"]
[SourceQuality "1"]

1. e4 e6 2. d4 d5 3. Nd2 Nc6 4. Ngf3 Nf6 5. e5 Nd7 6. Nb3 f6 7. Bb5 Be7 8. exf6 Bxf6 9. Qe2 Qe7 10. Bf4 Kd8 11. 0-0-0 g5 12. Bxc6 bxc6 13. Be5 Rf8 14. Na5 Nb8 15. h4 g4 16. Bxf6 Qxf6 17. Ne5 Qxf2 18. Qxg4 1-0